Statistics for Movies of 2017

Click here to take the quiz!

General Stats

  • This quiz has been taken 6 times
  • The average score is 8 of 40

Answer Stats

StarMovie% Correct
Hugh JackmanThe Greatest Showman
100%
Jacob TremblayWonder
100%
Gal GadotWonder Woman
100%
Emma WatsonBeauty and the Beast
50%
Bill SkarsgårdIt
50%
Keanu ReevesJohn Wick: Chapter 2
50%
Dwayne JohnsonJumanji: Welcome to the Jungle
50%
Ben AffleckJustice League
50%
Brie LarsonKong: Skull Island
50%
Hugh JackmanLogan
50%
Tom HollandSpider-Man: Homecoming
50%
Alec BaldwinThe Boss Baby
50%
Chris HemsworthThor: Ragnarok
50%
Dennis QuaidA Dog's Purpose
0%
Michael FassbenderAlien: Covenant
0%
Samara LeeAnnabelle: Creation
0%
Dwayne JohnsonBaywatch
0%
Harrison FordBlade Runner 2049
0%
Owen WilsonCars 3
0%
Anthony GonzalezCoco
0%
Mark WahlbergDaddy's Home 2
0%
Steve CarellDespicable Me 3
0%
Tom HardyDunkirk
0%
Dakota JohnsonFifty Shades Darker
0%
Scarlett JohanssonGhost in the Shell
0%
Chris PrattGuardians of the Galaxy Vol. 2
0%
Taron EgertonKingsman: The Golden Circle
0%
Kenneth BranaghMurder on the Orient Express
0%
Hugh GrantPaddington 2
0%
Johnny DeppPirates of the Caribbean: Dead Men Tell No Tales
0%
Anna KendrickPitch Perfect 3
0%
Dacre MontgomeryPower Rangers
0%
Demi LovatoSmurfs: The Lost Village
0%
Anna Taylor-JoySplit
0%
Daisy RidleyStar Wars: Episode VIII - The Last Jedi
0%
VinThe Fate of the Furious
0%
Will ArnettThe Lego Batman Movie
0%
Brendan FraserThe Mummy
0%
Mark WahlbergTransformers: The Last Knight
0%
Andy SerkisWar for the Planet of the Apes
0%

Score Distribution

Percentile by Number Answered

Percent of People with Each Score

Your Score History

You have not taken this quiz